කරසුවඳ/

Saved in:
Bibliographic Details
Main Author: බෝකන්ද,බෝගන්
Format: Book
Language:Undetermined
Sinhalese
Published: පන්නිපිටිය : 21 වන සියවසේ ප්‍රකාශකයෝ, 2011.
Tags: Add Tag
No Tags, Be the first to tag this record!

MARC

LEADER 00000nam a2200000Ia 4500
003 LK-ApPL
005 20220609133018.0
008 220609s9999 xx 000 0 und d
020 |a 9789550224036 
040 |a LK-ApPL  |b sin  |d LK-ApPL 
041 |a sin 
082 |a 891.481  |b බෝකන් 
100 |a බෝකන්ද,බෝගන් 
110 |e පද්‍ය 
245 0 |a කරසුවඳ/  |c බෝගන් බෝකන්ද 
260 |a පන්නිපිටිය :  |b 21 වන සියවසේ ප්‍රකාශකයෝ,  |c 2011. 
300 |a පි. 80:  |c සෙ.මී. 21 
942 |c LBK 
999 |c 1186  |d 1186